000 01055cam a2200217 4500
001 ##L132143
008 060113n2005 000 0 eng u
020 _a186081882X
035 _a(Sirsi) u132143
041 0 _aeng
050 0 4 _a694.01 $2 18
100 1 _aReynolds, Tim
245 0 0 _aTimber frame buildings
_baguide to the construction process
260 _aWatford
_bBRE
_c2005
300 _a12p.
_bill
_c30cm.
490 0 _aBRE Digest
_v496
520 _aTimber frame building is a modern and versatile method of construction. It has many advantages over other building methods that are summarised and supported by case studies in this digest. Among them are fast erection and a reduction in the overall build programme, risk of delay, site storage requirements and waste. An outline of the procurement and construction process, together with a technical description of timber frame construction is also provided.
690 _aUILT ENVIRONMENT-BUILDING ELEMENTS-COMPLETE BUILDING ELEMENTS-FRAMES
700 1 _aEnjily, Vahik
942 _n0
999 _c105036
_d105036